How to get a PhD: A handbook for students and their supervisors.

Shranjeno v:
Bibliografske podrobnosti
Glavni avtor: Phillips, Estelle M (Author)
Format: Neznan
Izdano: Maidenhead, United Kigdom: Open University Pres; McGraw Hill, 2022.
Izdaja:Seventh edition.
Teme:
Oznake: Označite
Brez oznak, prvi označite!

MARC

LEADER 00000 a2200000 4500
003 CL-VaPUC
005 20221109110231.0
008 221104t2022 ||||| |||| 00| 0 eng d
999 |c 439033  |d 439031 
020 |a 9780335249510 
040 |c Pontificia Universidad Católica de Valparaíso 
082 7 |a 378.24 PHI 2022  |2 22 
100 |a Phillips, Estelle M  |9 535312  |e author 
245 |a How to get a PhD:   |b A handbook for students and their supervisors.  
250 |a Seventh edition.  
260 |a Maidenhead, United Kigdom:  |b Open University Pres;  |b McGraw Hill,   |c 2022. 
300 |a 278 páginas. 
583 |k GC  |c 20221104 
650 |a Trabajo de posgrado  |x Desarrollo  |z Gran Bretaña   |9 878224 
650 |a Estudio de Doctorado   |x Obtención   |z Gran Bretaña   |9 878225 
942 |2 ddc  |c BK 
952 |0 0  |1 0  |2 ddc  |4 0  |6 378_240000000000000_PHI_2022  |7 0  |8 A  |9 587585  |a BIBMAT  |b BIBMAT  |c E_DIDACT  |d 2022-11-04  |e 1  |g 120516.00  |i 5655393  |o 378.24 PHI 2022  |p 5655393  |r 2025-01-07  |t 1  |v 120516.00  |w 2022-11-04  |y BK  |k MAT